1741 1678 1010 1379 1666 1647 1361 1818 1723 1409 1666 1312 1433 1321 1106 1697 1791 1956 1369 1162 1686 1453 1493 1980 1246 1033 1464 1051 1759 1343 1537 1713 1415 1129 1002 1819 1101 1736 1544 1811 1104 1702 1190 1465 1127 1815 1850 1992 1194 1048 1413 1885 1140 1108 1335 1474 1763 1007 1930 1903 1282 1720 1243 1395 1833 1635 1311 1760 1140 1134 1787 1916 1784 1503 1396 1770 1122 1809 1201 1804 1648 1280 1959 1410 1908 1575 1153 1244 1414 1651 1153 1488 1910 1642 1502 1145 1885 1109 1465 BCNSPRNW ULIB Ver.6.0+V

เปลี่ยนเป็นภาษาไทย

Change to English
 แสดงรายละเอียดบรรณานุกรม
  กลับหน้าหลัก

Brief Record : Get Marc (ISO 2709) : E-mail record : QR code < ปิดหน้าต่าง
LEADER : 00000nam 2200000uu 4500
001    13399108394
003     ULIB
008    110302s2552||||th 000 0 tha d
020    9789747787016(ล.2)
060 04 WY100^bพ342น ล.2 2552
245 00 แนวคิดพื้นฐานและหลักการพยาบาล^nเล่ม 2 /^cบรรณาธิการ,อภิญญา เพียรพิจารณ์
250    พิมพ์ครั้งที่ 11
260    นนทบุรี :^bโครงการสวัสดิการวิชาการ สถาบันพระบรมราชชนก,^c2552
300    [20], 487 หน้า :^bภาพประกอบ ;^c26 ซม.
650  7 การพยาบาล
650  7 การพยาบาลเบื้องต้น
700 0  อภิญญา เพียรพิจารณ์,^eบรรณาธิการ
710 2  สถาบันพระบรมราชชนก. ^bโครงการสวัสดิการวิชาการ
945    ^p220^l0^i028896
945    ^p220^l0^i028895
945    ^p220^l0^i028894
945    ^p220^l0^i028221
945    ^p220^l0^i028219
945    ^p220^l0^i028218
945    ^p220^l0^i028897
945    ^p220^l0^i028220
995    ทศพร
999 ^a ใช้งานได้ทุกระบบ
รายการนี้ยังไม่มีแท็ก
คุณยังไม่ได้ล็อกอิน คุณสามารถมีกิจกรรมร่วมกับเว็บไซต์ได้ แต่ต้องล็อกอินก่อน ::
  ล็อกอิน

รายการสื่อสารสนเทศ

ลำดับที่ ประเภท เลขเรียก/บาร์โค้ด สถานที่ สถานะ
1. วิทยาศาสตร์การแพทย์ และสุขภาพ
วิทยาศาสตร์การแพทย์ และสุขภาพ
สถานะ=หนังสือเก่า
WY100 พ342น ล.2 2552 ฉ.5 
  Barcode: 028894
ห้องสมุดวิทยาเขตสวรรค์ประชารักษ์
►หนังสือทั่วไป
ถูกยืม กำหนดส่งวันที่ 4 กรกฎาคม 2568
  จอง

รายการใกล้เคียง
    หัวเรื่อง [การพยาบาล]
    หัวเรื่อง [การพยาบาลเบื้องต้น]

BibComment


ยังไม่เคยถูกคอมเมนท์

คอมเมนท์ทรัพยากรรายการนี้
  คอมเมนท์: แนวคิดพื้นฐานและห..


 Copyright 2026. Bcnsprnw @Library